000 00436nam a2200169Ia 4500
008 230711s9999||||xx |||||||||||||| ||und||
041 _aENG
082 _a621
_bKR-A
100 _aKraus, John D
245 0 _aAntennas for all applications
250 _a3rd . Ed.
260 _c2006
_aNew Delhi
_bTata McGraw Hill Education Limited
300 _a962
650 _aElectronics Engineering
700 _aMarhefka,Ronald J.
942 _cBK
999 _c4810
_d4810